Derecho judicial español en la zona de nuestro protectorado en Marruecos (Record no. 110844)

MARC details
000 -LEADER
campo de control de longitud fija 01099nam a2200277 i 4500
001 - NÚMERO DE CONTROL
campo de control 110844
003 - IDENTIFICADOR DE NÚMERO DE CONTROL
campo de control ES-MaACL
005 - FECHA Y HORA DE LA ÚLTIMA TRANSACCIÓN
campo de control 20260127062539.0
007 - CAMPO FIJO DE DESCRIPCIÓN FÍSICA--INFORMACIÓN GENERAL
campo de control de longitud fija t|
008 - DATOS DE LONGITUD FIJA--INFORMACIÓN GENERAL
campo de control de longitud fija 070131s1921 sp ||||1| spa d
080 ## - NÚMERO DE LA CLASIFICACIÓN DECIMAL UNIVERSAL
Número de la Clasificación Decimal Universal 325.45
080 ## - NÚMERO DE LA CLASIFICACIÓN DECIMAL UNIVERSAL
Número de la Clasificación Decimal Universal 351.881
100 1# - ENTRADA PRINCIPAL--NOMBRE DE PERSONA
Nombre de persona Rives y Martí, Francisco de P.
9 (RLIN) 97722
245 10 - MENCIÓN DEL TÍTULO
Título Derecho judicial español en la zona de nuestro protectorado en Marruecos
Resto del título : conferencias /
Mención de responsabilidad, etc. por Francisco de P. Rives Martí.
260 ## - PUBLICACIÓN, DISTRIBUCIÓN, ETC.
Lugar de publicación, distribución, etc. Madrid :
Nombre del editor, distribuidor, etc. Reus,
Fecha de publicación, distribución, etc. 1921.
300 ## - DESCRIPCIÓN FÍSICA
Extensión 177 p. ;
Dimensiones 18 cm.
490 1# - MENCIÓN DE SERIE
Mención de serie Publicaciones de la Real Academia de Jurisprudencia y Legislación ;
Designación de volumen o secuencia 26
500 ## - NOTA GENERAL
Nota general Sesiones de los días 28 de febrero, 30 de marzo, 30 de abril y 31 de mayo de 1920.
650 #4 - PUNTO DE ACCESO ADICIONAL DE MATERIA--TÉRMINO DE MATERIA
Término de materia o nombre geográfico como elemento de entrada Administración de justicia-
Subdivisión geográfica Marruecos.
9 (RLIN) 171719
650 #4 - PUNTO DE ACCESO ADICIONAL DE MATERIA--TÉRMINO DE MATERIA
Término de materia o nombre geográfico como elemento de entrada Derecho colonial-
Subdivisión geográfica Marruecos.
9 (RLIN) 159153
700 ## - ENTRADA AGREGADA--NOMBRE PERSONAL
Nombre de persona Real Academia de Jurisprudencia y Legislación de España
9 (RLIN) 217612
830 1# - PUNTO DE ACCESO ADICIONAL DE SERIE-TÍTULO UNIFORME
Título uniforme Publicaciones de la Real Academia de Jurisprudencia y Legislación ;
Designación de volumen o secuencia 26
9 (RLIN) 180630
852 ## - LOCALIZACIÓN
Ubicación ES-MaACL
Número de control de estantería L-5195
852 ## - LOCALIZACIÓN
Ubicación ES-MaACL
Número de control de estantería B-6774
Holdings
Estatus retirado Estado de pérdida Estado de daño No para préstamo Biblioteca de origen Biblioteca actual Ubicación en estantería Fecha de adquisición Fuente de adquisición Total de préstamos Signatura topográfica completa Código de barras Visto por última vez Precio de reemplazo Tipo de ítem Koha
        Biblioteca del Ateneo de Madrid Biblioteca del Ateneo de Madrid Sala Pardo Bazán 02/03/2016     B-6774 1194838 23/02/2023 23/02/2023 Libro impreso
        Biblioteca del Ateneo de Madrid Biblioteca del Ateneo de Madrid Depósito 2 17/01/2008     L-5195 1115653 23/02/2023 23/02/2023 Libro impreso